00796nam a2200217 i 4500001001000000003000900010005001700019007000300036008004100039020001800080040003000098041000700128082001900135100006000154245019400214264005500408300002700463336002700490337003300517338002800550000046194DO-SdBNP20250806130237.0ta130307s2015 dr 000 0 spa d a9789945585087 aDO-SdBNPbspacBNPHUerda asp axxxbG373d2221 aGermán M., Mariano,d1946-eautorq(Germán Mejía)10aDiscurso pronunciado por el Dr. Mariano Germán Mejía :ben ocación de la conmemoración del día del Poder Judicial audiencia solemne 7 de enero de 2015 /cMariano Germán Mejía. aSanto Domingo :bSuprema Corte de Justicia,c2015. a70 páginas ;c22 cm. ardacontentbtexto2txt ardamediabsin mediación2n ardacarrierbvolumen2nc